<?xml version="1.0" encoding="UTF-8"?>
<record
    xmlns:xsi="http://www.w3.org/2001/XMLSchema-instance"
    xsi:schemaLocation="http://www.loc.gov/MARC21/slim http://www.loc.gov/standards/marcxml/schema/MARC21slim.xsd"
    xmlns="http://www.loc.gov/MARC21/slim">

  <leader>00999nam a22003017a 4500</leader>
  <controlfield tag="001">3084</controlfield>
  <controlfield tag="003">FISKH</controlfield>
  <controlfield tag="005">20250421120247.0</controlfield>
  <controlfield tag="008">240205b        cb ||||| |||| 00| 0 eng d</controlfield>
  <datafield tag="020" ind1=" " ind2=" ">
    <subfield code="a">9780439899369</subfield>
  </datafield>
  <datafield tag="040" ind1=" " ind2=" ">
    <subfield code="a">FISKH</subfield>
    <subfield code="b">eng</subfield>
    <subfield code="c">FISKH</subfield>
    <subfield code="d">FISKH</subfield>
  </datafield>
  <datafield tag="050" ind1=" " ind2=" ">
    <subfield code="a">PZ7.C17363</subfield>
  </datafield>
  <datafield tag="082" ind1=" " ind2=" ">
    <subfield code="a">363.72</subfield>
  </datafield>
  <datafield tag="100" ind1=" " ind2=" ">
    <subfield code="a">Capeci, Anne</subfield>
  </datafield>
  <datafield tag="245" ind1=" " ind2=" ">
    <subfield code="a">The magic school bus gets recycled /</subfield>
    <subfield code="c">by Capeci, Anne</subfield>
  </datafield>
  <datafield tag="250" ind1=" " ind2=" ">
    <subfield code="a">First printing , March 2007</subfield>
  </datafield>
  <datafield tag="260" ind1=" " ind2=" ">
    <subfield code="a">New York : </subfield>
    <subfield code="b">Scholastic , </subfield>
    <subfield code="c">2007</subfield>
  </datafield>
  <datafield tag="300" ind1=" " ind2=" ">
    <subfield code="a">32 unnumbered pages :</subfield>
    <subfield code="b">color illustrations ;</subfield>
    <subfield code="c">23 cm</subfield>
  </datafield>
  <datafield tag="490" ind1=" " ind2=" ">
    <subfield code="a">The magic school bus </subfield>
    <subfield code="v">Level 2</subfield>
  </datafield>
  <datafield tag="505" ind1=" " ind2=" ">
    <subfield code="a">J 
</subfield>
  </datafield>
  <datafield tag="520" ind1=" " ind2=" ">
    <subfield code="a">Ms. Frizzle's class is holding a recycling drive. But when Phoebe loses her necklace, the kids hop on the bus to track it down.</subfield>
  </datafield>
  <datafield tag="521" ind1="8" ind2=" ">
    <subfield code="a">480 
</subfield>
    <subfield code="b">Lexile 

 
</subfield>
  </datafield>
  <datafield tag="521" ind1="8" ind2=" ">
    <subfield code="a">J 



</subfield>
    <subfield code="b">Raz-Plus 

</subfield>
  </datafield>
  <datafield tag="600" ind1=" " ind2=" ">
    <subfield code="2">magic school bus </subfield>
    <subfield code="v">fiction</subfield>
  </datafield>
  <datafield tag="610" ind1=" " ind2=" ">
    <subfield code="2">recycling </subfield>
    <subfield code="v">juvenile </subfield>
  </datafield>
  <datafield tag="700" ind1=" " ind2=" ">
    <subfield code="a">Bracken, Carolyn</subfield>
    <subfield code="e">illustrator </subfield>
  </datafield>
  <datafield tag="942" ind1=" " ind2=" ">
    <subfield code="2">ddc</subfield>
    <subfield code="c">BK</subfield>
    <subfield code="n">0</subfield>
  </datafield>
  <datafield tag="999" ind1=" " ind2=" ">
    <subfield code="c">3084</subfield>
    <subfield code="d">3084</subfield>
  </datafield>
  <datafield tag="952" ind1=" " ind2=" ">
    <subfield code="0">0</subfield>
    <subfield code="1">0</subfield>
    <subfield code="2">ddc</subfield>
    <subfield code="4">0</subfield>
    <subfield code="7">0</subfield>
    <subfield code="8">NFIC</subfield>
    <subfield code="a">002</subfield>
    <subfield code="b">002</subfield>
    <subfield code="c">TTP Dark Blue</subfield>
    <subfield code="d">2024-02-05</subfield>
    <subfield code="l">2</subfield>
    <subfield code="o">CAP 363.72 PZ7.C17363</subfield>
    <subfield code="p">FISBK02722</subfield>
    <subfield code="r">2026-03-11 12:25:27</subfield>
    <subfield code="s">2026-01-21</subfield>
    <subfield code="t">1</subfield>
    <subfield code="w">2024-02-05</subfield>
    <subfield code="y">BK</subfield>
  </datafield>
  <datafield tag="952" ind1=" " ind2=" ">
    <subfield code="0">0</subfield>
    <subfield code="1">0</subfield>
    <subfield code="2">ddc</subfield>
    <subfield code="4">0</subfield>
    <subfield code="7">0</subfield>
    <subfield code="8">NFIC</subfield>
    <subfield code="a">001</subfield>
    <subfield code="b">001</subfield>
    <subfield code="c">TK Blue</subfield>
    <subfield code="d">2024-05-20</subfield>
    <subfield code="l">2</subfield>
    <subfield code="o">CAP 363.72 PZ7.C17363</subfield>
    <subfield code="p">FISBK02718</subfield>
    <subfield code="r">2025-03-14 11:03:32</subfield>
    <subfield code="s">2024-12-09</subfield>
    <subfield code="t">2</subfield>
    <subfield code="w">2024-05-20</subfield>
    <subfield code="y">BK</subfield>
  </datafield>
  <datafield tag="952" ind1=" " ind2=" ">
    <subfield code="0">0</subfield>
    <subfield code="1">0</subfield>
    <subfield code="2">ddc</subfield>
    <subfield code="4">0</subfield>
    <subfield code="7">0</subfield>
    <subfield code="8">NFIC</subfield>
    <subfield code="a">001</subfield>
    <subfield code="b">001</subfield>
    <subfield code="c">TK Blue</subfield>
    <subfield code="d">2024-05-20</subfield>
    <subfield code="l">1</subfield>
    <subfield code="o">CAP 363.72 PZ7.C17363</subfield>
    <subfield code="p">FISTK01911</subfield>
    <subfield code="r">2025-03-19 08:06:41</subfield>
    <subfield code="s">2025-03-05</subfield>
    <subfield code="t">3</subfield>
    <subfield code="w">2024-05-20</subfield>
    <subfield code="y">BK</subfield>
  </datafield>
  <datafield tag="952" ind1=" " ind2=" ">
    <subfield code="0">0</subfield>
    <subfield code="1">0</subfield>
    <subfield code="2">ddc</subfield>
    <subfield code="4">0</subfield>
    <subfield code="7">0</subfield>
    <subfield code="8">NFIC</subfield>
    <subfield code="a">001</subfield>
    <subfield code="b">001</subfield>
    <subfield code="c">TK Blue</subfield>
    <subfield code="d">2024-05-20</subfield>
    <subfield code="l">1</subfield>
    <subfield code="o">CAP 363.72 PZ7.C17363</subfield>
    <subfield code="p">FISBK02716</subfield>
    <subfield code="r">2024-11-20 08:12:25</subfield>
    <subfield code="s">2024-11-06</subfield>
    <subfield code="t">4</subfield>
    <subfield code="w">2024-05-20</subfield>
    <subfield code="y">BK</subfield>
  </datafield>
  <datafield tag="952" ind1=" " ind2=" ">
    <subfield code="0">0</subfield>
    <subfield code="1">0</subfield>
    <subfield code="2">ddc</subfield>
    <subfield code="4">0</subfield>
    <subfield code="7">0</subfield>
    <subfield code="8">NFIC</subfield>
    <subfield code="a">001</subfield>
    <subfield code="b">001</subfield>
    <subfield code="c">TK Blue</subfield>
    <subfield code="d">2024-09-17</subfield>
    <subfield code="l">2</subfield>
    <subfield code="o">CAP 363.72 PZ7.C17363</subfield>
    <subfield code="p">FISBK02721</subfield>
    <subfield code="r">2024-12-04 08:11:05</subfield>
    <subfield code="s">2024-11-27</subfield>
    <subfield code="t">5</subfield>
    <subfield code="w">2024-09-17</subfield>
    <subfield code="y">BK</subfield>
  </datafield>
  <datafield tag="952" ind1=" " ind2=" ">
    <subfield code="0">0</subfield>
    <subfield code="1">0</subfield>
    <subfield code="2">ddc</subfield>
    <subfield code="4">0</subfield>
    <subfield code="7">0</subfield>
    <subfield code="8">NFIC</subfield>
    <subfield code="a">001</subfield>
    <subfield code="b">001</subfield>
    <subfield code="c">TK Blue</subfield>
    <subfield code="d">2024-09-17</subfield>
    <subfield code="l">2</subfield>
    <subfield code="o">CAP 363.72 PZ7.C17363</subfield>
    <subfield code="p">2024-2019</subfield>
    <subfield code="r">2026-04-02 08:14:03</subfield>
    <subfield code="s">2026-03-26</subfield>
    <subfield code="t">6</subfield>
    <subfield code="w">2024-09-17</subfield>
    <subfield code="y">BK</subfield>
  </datafield>
  <datafield tag="952" ind1=" " ind2=" ">
    <subfield code="0">0</subfield>
    <subfield code="1">0</subfield>
    <subfield code="2">ddc</subfield>
    <subfield code="4">0</subfield>
    <subfield code="7">0</subfield>
    <subfield code="8">NFIC</subfield>
    <subfield code="a">001</subfield>
    <subfield code="b">001</subfield>
    <subfield code="c">TK Blue</subfield>
    <subfield code="d">2024-09-17</subfield>
    <subfield code="l">2</subfield>
    <subfield code="o">CAP 363.72 PZ7.C17363</subfield>
    <subfield code="p">FISBK02724</subfield>
    <subfield code="r">2024-10-31 09:59:00</subfield>
    <subfield code="s">2024-10-31</subfield>
    <subfield code="t">7</subfield>
    <subfield code="w">2024-09-17</subfield>
    <subfield code="y">BK</subfield>
  </datafield>
  <datafield tag="952" ind1=" " ind2=" ">
    <subfield code="0">0</subfield>
    <subfield code="1">0</subfield>
    <subfield code="2">ddc</subfield>
    <subfield code="4">0</subfield>
    <subfield code="7">0</subfield>
    <subfield code="8">NFIC</subfield>
    <subfield code="a">001</subfield>
    <subfield code="b">001</subfield>
    <subfield code="c">TK Blue</subfield>
    <subfield code="d">2024-11-01</subfield>
    <subfield code="l">3</subfield>
    <subfield code="o">CAP 363.72 PZ7.C17363</subfield>
    <subfield code="p">2024-2269</subfield>
    <subfield code="r">2026-03-11 10:40:19</subfield>
    <subfield code="s">2026-03-04</subfield>
    <subfield code="t">8</subfield>
    <subfield code="w">2024-11-01</subfield>
    <subfield code="y">BK</subfield>
  </datafield>
  <datafield tag="952" ind1=" " ind2=" ">
    <subfield code="0">0</subfield>
    <subfield code="1">0</subfield>
    <subfield code="2">ddc</subfield>
    <subfield code="4">0</subfield>
    <subfield code="7">0</subfield>
    <subfield code="8">NFIC</subfield>
    <subfield code="a">001</subfield>
    <subfield code="b">001</subfield>
    <subfield code="c">TK Blue</subfield>
    <subfield code="d">2024-11-27</subfield>
    <subfield code="l">1</subfield>
    <subfield code="o">CAP 363.72 PZ7.C17363</subfield>
    <subfield code="p">2024-2387</subfield>
    <subfield code="r">2025-05-28 08:10:44</subfield>
    <subfield code="s">2025-03-05</subfield>
    <subfield code="t">9</subfield>
    <subfield code="w">2024-11-27</subfield>
    <subfield code="y">BK</subfield>
  </datafield>
  <datafield tag="952" ind1=" " ind2=" ">
    <subfield code="0">0</subfield>
    <subfield code="1">0</subfield>
    <subfield code="2">ddc</subfield>
    <subfield code="4">0</subfield>
    <subfield code="7">0</subfield>
    <subfield code="8">NFIC</subfield>
    <subfield code="a">001</subfield>
    <subfield code="b">001</subfield>
    <subfield code="c">TK Blue</subfield>
    <subfield code="d">2025-01-27</subfield>
    <subfield code="l">0</subfield>
    <subfield code="o">CAP 363.72 PZ7.C17363</subfield>
    <subfield code="p">2025-0099</subfield>
    <subfield code="r">2025-01-27 09:32:59</subfield>
    <subfield code="t">10</subfield>
    <subfield code="w">2025-01-27</subfield>
    <subfield code="y">BK</subfield>
  </datafield>
  <datafield tag="952" ind1=" " ind2=" ">
    <subfield code="0">0</subfield>
    <subfield code="1">0</subfield>
    <subfield code="2">ddc</subfield>
    <subfield code="4">0</subfield>
    <subfield code="7">0</subfield>
    <subfield code="8">NFIC</subfield>
    <subfield code="a">001</subfield>
    <subfield code="b">001</subfield>
    <subfield code="c">TK Blue</subfield>
    <subfield code="d">2025-04-21</subfield>
    <subfield code="l">0</subfield>
    <subfield code="o">CAP 363.72 PZ7.C17363</subfield>
    <subfield code="p">FISBK02726</subfield>
    <subfield code="r">2025-04-21 12:02:17</subfield>
    <subfield code="t">11</subfield>
    <subfield code="w">2025-04-21</subfield>
    <subfield code="y">BK</subfield>
  </datafield>
  <datafield tag="952" ind1=" " ind2=" ">
    <subfield code="0">0</subfield>
    <subfield code="1">0</subfield>
    <subfield code="2">ddc</subfield>
    <subfield code="4">0</subfield>
    <subfield code="7">0</subfield>
    <subfield code="8">NFIC</subfield>
    <subfield code="a">001</subfield>
    <subfield code="b">001</subfield>
    <subfield code="c">TK Blue</subfield>
    <subfield code="d">2025-04-21</subfield>
    <subfield code="l">1</subfield>
    <subfield code="o">CAP 363.72 PZ7.C17363</subfield>
    <subfield code="p">FISBK02719</subfield>
    <subfield code="r">2025-05-21 08:08:21</subfield>
    <subfield code="s">2025-05-07</subfield>
    <subfield code="t">12</subfield>
    <subfield code="w">2025-04-21</subfield>
    <subfield code="y">BK</subfield>
  </datafield>
</record>
